000 00621naa a2200217 i 4500
001 91287
003 ES-MaBCM
005 20241016125749.0
008 030613s2003 esp 000 0 spa d
021 _axx
035 _a(OCoLC)1365147619
040 _cES-MaBCM
041 0 _aspa
043 _aesp
100 1 _aGuerrero Salom, Enrique
_920655
245 1 0 _aEl bloqueo de las reformas políticas
_cEnrique Guerrero
651 2 4 _aEspaña
_9115342
650 2 7 _aSituación política
_960283
773 0 _aEn:
_tClaves de razón práctica
_dMadrid : 2003
_w104741
_gn. 14, junio, p. 62-66. - Loc. S.228
942 _cAREV
999 _c91287
_d91287